00858nam a2200193Ia 4500001001000000003001000010008004100020040002500061041001300086100004500099245003800144250001100182260006000193300002800253500012000281501011400401520012000515650002900635L232-6558IT-CnALBA170116s9999||||xx |||||||||||||| ||und|| aIT-CnALBAcIT-CnALBA aITALIANO aBOSSUET JACQUES-BENIGNE VESCOVO DI MEAUX 0aMEDITAZIONI SUL VANGELO. VOL. I.  a1a ed. a BRESCIAbGATTI VITTORIO, EDITORE c1930 [1° Ed.:1930] a398 p. (prefazione: 13) aMEDITAZIONI SUL VANGELO. IL SIGNORE SUL MONTE. PREPARAZIONE ALL'ULTIMA SETTIMANA DEL SALVATORE. VIRTÙ CRISTIANE.  aSocietà San Paolo EM - Piazza San Paolo, 14 - 12051 ALBA (CN) (non commercial uses only) ® Copyright 2017 aMEDITAZIONI SUL VANGELO. IL SIGNORE SUL MONTE. PREPARAZIONE ALL'ULTIMA SETTIMANA DEL SALVATORE. VIRTÙ CRISTIANE.  aVITA E MISTERO DI CRISTO